MDQL
is popping MORE tags! Check the
thread
!
Quizzes
Events
Quiz Creation
Community
Videos
Private Events
Remove Ads
Sign In
Join for FREE
Feedback
Dark Mode
Quiz Categories
Sports
Geography
Music
Movies
Television
Just For Fun
Miscellaneous
History
Literature
Language
Science
Gaming
Entertainment
Religion
Holiday
For Kids
Quiz Lab
Recent
Popular Today
Quiz Kudos Today
Editor Picks
Curator Picks
Quizzes by...
Day
Popularity
Type
Ratings
Length
Year
Community
Subscriptions
Recent Discussions
Orange Saloon
Badges
Playlists
Quests
Create
Leaderboards
Showdown
Live 5
Trivia Bingo
Activity
Puzzle Library
Sporcle Events
Private Events
Virtual Trivia
Globe League
Become a Host
Pub Owners
SporcleCon
Opinionation
Our Games
Videos
Blog
Mobile Apps
Partnerships
Remove Ads and Go Orange
Feedback
Miscellaneous
Crossword
General Knowledge
Baby Names
Logo
Food
Cars
Numbers
Grab Bag
University
College
Popular
Company
Slogans
Restaurants
Justice
Letter
Miscellaneous
Crossword
General Knowledge
Baby Names
Logo
Food
Cars
Numbers
Grab Bag
University
College
Popular
Company
Slogans
Restaurants
Justice
Letter
Random Quiz
Search Sporcle
×
Quiz Lab
Quiz Lab
Miscellaneous
NFL
Type in answers that appear in a list
Type in answers that appear in a list
Classic
Best Score? Go Orange.
Not exactly NFL teams Stats
Can you name the Not exactly NFL teams?
By
cjscampbell
5m
25 Questions
197 Plays
197 Plays
197 Plays
Comments
Comments
Give Quiz Kudos
Give Quiz Kudos
-
- Ratings
hide this ad
More Info
Random Order
Randomize order of answers
Randomize order of answers
Replay
Link that replays current quiz
Next Quiz
Link to next quiz in quiz playlist
You Got
0%
They Got
Avg Score
53%
Avg Friend Score
Upgrade to see
Score Distribution
Jump to the score distribution portion of the page
Score
0/25
Timer
05:00
0
Plays Today
Hint
% Correct
Ten Buffalo amendments
Bill of Rights
73.6%
OJ's car in Denver
White Ford Bronco
72.1%
Malt Liquor to enjoy in Indianapolis
Colt 45
71.6%
James' fruit in New York
Giant Peach
71.1%
Worrysome creature of Oz in Detroit
Cowardly Lion
71.1%
Philadelphia's clothing company
American Eagle
70.6%
A San Diego car
Dodge Charger
69.5%
Equal Rights Group in Carolina
Black Panthers
68.5%
Disney channel show in Baltimore
Thats So Raven
68%
Chicago's Forest Ranger
Smokey the Bear
62.4%
St. Louis seige weapon
Battering Ram
59.9%
Computer company in Wisconsin
Hewlett-Packard
57.9%
Hunters for undergarments in Oakland
Panty Raiders
57.4%
Hint
% Correct
Atlanta's Star Wars spaceship
Millennium Falcon
55.3%
Arizona's points on a compass
Cardinal directions
53.3%
New Yorker who 'Loves Rock N Roll'
Joan Jett
50.3%
Tom Clancey novel in New England
Patriot Games
48.2%
Nashville's mythological movie remake
Clash of the Titans
45.2%
Pittsburgh Romance Novelist
Danielle Steele
35.5%
Cincinnati's Asain body of water
Bay of Bengal
34%
Cleveland confectionary
Brown sugar
33.5%
Kansas City's Halo hero
Master Chief
33.5%
Jacksonville contestant on Legend of the Hidden Temple
Red Jaguar
30.5%
Cremation in Minnesota
Viking funeral
27.9%
Pee-
Wee Herman character in Dallas
Cowboy Curtis
9.1%
Quiz Playlist
Details
Report
Send in Message
Add To Playlist
More Info:
Can you name the objects that have names similar to NFL Teams?
Classic:
Type in answers that appear in a list
Random Order:
Randomize order of answers
Last Updated: Feb 16, 2017
Quiz Scoreboard
CHALLENGE
Sign Up to Join the Scoreboard
Show All
Scores
Hide
Comments
May contain spoilers
Recently Published
Image Sorting: Flags VI
by Barbecue
Geography
2m
Find the 'City' Movie
by crazypaving
Movies
60s
Colored Red Africa Blitz
by spor1
Geography
45s
More to Explore
Quiz From the Vault
Featured Blog Post
14 Easter Pick-up Lines to Find Eggs With
hide this ad
You Might Also Like...
Tags
NFL Quiz
Exactly
team
Today's Top Quizzes in Miscellaneous
Browse Miscellaneous
hide this ad
Today's Top Quizzes in NFL
Browse NFL
Top Contributed Quizzes in Miscellaneous
1
The JOE quick-fire general knowledge quiz: Day 174
2
5-to-1: Fast Food
3
9x9 Crossword: Disney Movie Titles
4
9x9 Crossword: Charlie and the Chocolate Factory
5
The JOE quick-fire general knowledge quiz: Day 173
6
9x9 Crossword: Actors
7
9x9 Crossword: 2022 Movies
8
9x9 Crossword: The Simpsons
9
9x9 Crossword: Flags
10
9x9 Crossword: Pixar Movie Titles
Explore More
Trending Topics
Anime
Harry Potter
Kpop
Crossword
NBA
Disney
Marvel
The Office
Country
WWE
Puzzle
Pokémon
Soccer
NFL
Song
hide this ad
More By:
cjscampbell
Quiz
Plays
Rating
Category
Featured
Created
Tiny Toons Theme Song
13,314
4.43
Television
Feb 9, 2010
IGN's 100 Top Star Wars Characters
7,002
4.28
Entertainment
Aug 13, 2010
X-Men Connections 1
3,851
4.29
Entertainment
Feb 11, 2010
U.S. Of A. Cities
1,830
3.19
Geography
Mar 2, 2010
Discworld Opening Lines
1,522
4.71
Literature
Feb 12, 2010
Go to Creator's Profile
Score Distribution
Quiz Creator Spotlight
cjscampbell
Follow
Send a Message
Quizzes Created
-
Created Quiz Play Count
-
More By This Creator
Popular Quizzes Today
1
Colored Red Africa Blitz
2
Find the US States - No Outlines Minefield
3
Find the 'City' Movie
4
5x2 Blitz: Bands
5
The Countries of the World
6
Find the US States
7
Find the Countries of Europe - No Outlines Minefield
8
US States
More Miscellaneous Quizzes
Most Iconic Brand By State
Quiz Lab
Trending Quizzes
Colored Red Europe Blitz I
Colored Red Europe Blitz II
Colored Red Africa Blitz II
Colored Red Europe Blitz III
Colored Red Africa Blitz III
Recently Updated
How Do You Spell That?
pecheneg
Godzilla Movies
pecheneg
Grab Bag: 4-10 Letters
pecheneg
2024 March Madness Bracket
pecheneg
Famous TV Couples
Peacemaker
Champions League XIs: Real Madrid
pecheneg
Largest US Cities 1790-2010
pecheneg
Rides in Walt Disney World
pecheneg
Most Oscar Losses (Acting)
pecheneg
Beyoncé Albums
pecheneg
Trending Topics
Crossword
NBA
Disney
Anime
Kpop
Marvel
Harry Potter
Country
Pokémon
NFL
Song
Soccer
WWE
Puzzle
The Office
Your Account Isn't Verified!
In order to create a playlist on Sporcle, you need to verify the email address you used during registration. Go to your
Sporcle Settings
to finish the process.
Report this User
Report this user for behavior that violates our
Community Guidelines
.
Details:
Send Report
Go to the Sporcle.com Mobile Site →
Comments